| 000 | 00736nam a2200241 i 4500 | ||
|---|---|---|---|
| 001 | 36776 | ||
| 003 | ES-MaACL | ||
| 005 | 20251009200247.0 | ||
| 007 | t| | ||
| 008 | 030219s1987 sp ||||1| spa d | ||
| 020 | _a84-305-1549-6 | ||
| 080 | _a087.5:82 | ||
| 100 | 1 |
_aBravo-Villasante, Carmen, _d1918-1994 _931507 |
|
| 245 | 1 | 3 |
_aEl jardín encantado / _cCarmen Bravo-Villasante ; ilustraciones, Antonio Tello. |
| 260 |
_aMadrid : _bSusaeta, _c[1987] |
||
| 300 |
_a56 p. : _bil. ; _c19 cm. |
||
| 490 | 1 |
_aA toda máquina ; _v8 |
|
| 655 | 7 |
_aLibros infantiles _2tgfbne _9226786 |
|
| 700 | 1 |
_aTello, Antonio, _d1951- _9172870 |
|
| 830 | 1 |
_aA toda máquina ; _v8 _9229604 |
|
| 852 |
_aES-MaACL _jL-12682 |
||
| 999 |
_c36776 _d36776 |
||